| 000 | 01138nam a22002777a 4500 | ||
|---|---|---|---|
| 999 |
_c64076 _d64076 |
||
| 005 | 20240530110713.0 | ||
| 008 | 180213s2015 ua f g 000 0 ara d | ||
| 017 |
_a2015/10898 _bمصر. دار الكتب |
||
| 020 | _a9789773223625 | ||
| 040 |
_aEG-CaGPL _cEG-CaGPL |
||
| 082 | 0 | 4 |
_221 _a931 / _bق ح |
| 100 | 0 | _aقاسم عبده قاسم | |
| 245 | 1 | 2 |
_aالحضارة الصينية القديمة / _cقاسم عبده قاسم |
| 250 | _aط. 1 | ||
| 260 |
_aالقاهرة : _bعين للدراسات و البحوث الانسانية و الاجتماعية، _c2015. |
||
| 300 |
_a64 ص. : _bايض ؛ _c24 سم. |
||
| 490 | 0 | _aسلسلة الحضارات المصورة. | |
| 651 | 0 | 7 |
_2qrmak _aالصين _xتاريخ |
| 651 | 0 | 7 |
_2qrmak _aالصين _xتاريخ _xاسرة تشين |
| 651 | 0 | 7 |
_2qrmak _aالصين _xتاريخ _xاسرة الهان |
| 651 | 0 | 7 |
_2qrmak _aالصين _xتاريخ _xاسرة تانج |
| 651 | 0 | 7 |
_2qrmak _aالصين _xالاحوال الاقتصادية |
| 651 | 0 | 7 |
_2qrmak _aالصين _xالاحوال السياسية |
| 942 |
_2ddc _cBK |
||